000 00362nam a2200133Ia 4500
008 151001s9999||||xx |||||||||||||| ||und||
100 _aअनेजा हरिवंश
245 _aस्वामी विवेकानंद कि
250 _a1
260 _bएच.के.बुक
260 _c2008
300 _a112
365 _b21
999 _c989826
_d989823